Planning and management conflicts in Chinese agricultural modernization

Gespeichert in:
Bibliographische Detailangaben
1. Verfasser: Steidl-Meier, Paul
Format: Buch
Sprache:Englisch
Veröffentlicht: Berlin Internationales Institut für Umwelt und Gesellschaft 1982
Tags: Tag hinzufügen
Keine Tags, Fügen Sie das erste Tag hinzu!

MARC

LEADER 00000nam a2200000 4500
001 c114570
005 20190207163721.9
041 0 |a eng 
044 |a DE 
245 1 0 |a Planning and management conflicts in Chinese agricultural modernization  |c Paul Steidl-Meier 
264 1 |a Berlin  |b Internationales Institut für Umwelt und Gesellschaft  |c 1982 
300 |a 46 s. 
100 1 |a Steidl-Meier, Paul